| 000 | 01017pam a2200265 4500 | ||
|---|---|---|---|
| 001 | 458 | ||
| 005 | 20181127161525.0 | ||
| 008 | 850517s1985 enk 000 0 eng | ||
| 010 | _a 85011578 | ||
| 020 | _a0192820265 (pbk.) | ||
| 020 | _z0198129467 | ||
| 100 | 1 |
_aShakespeare, William, _d1564-1616. |
|
| 240 | 1 | 0 | _aSonnets |
| 245 | 1 | 0 |
_aShakespeare's sonnets ; and, A lover's complaint / _cedited, with an introduction, by Stanley Wells. |
| 260 |
_aOxford ; _aNew York : _bOxford University Press, _cc1985 _g(1990 printing) |
||
| 300 |
_av, 201 p. ; _c20 cm. |
||
| 590 | _aElectronic copy available on RTC Cloud in "Library" folder | ||
| 650 | 0 | _aSonnets, English. | |
| 700 | 1 |
_aWells, Stanley W., _d1930- |
|
| 700 | 1 | 2 |
_aShakespeare, William, _d1564-1616. _tLover's complaint. _f1985. |
| 740 | 0 | _aLover's complaint. | |
| 740 | 0 | _aSonnets. | |
| 856 |
_a _uhttp://shakespeare.mit.edu/Poetry/LoversComplaint.html _yA Lover's Complaint _z _3 |
||
| 856 |
_a _uhttp://shakespeare.mit.edu/Poetry/sonnets.html _yThe sonnets _z _3 |
||
| 999 |
_c366 _d366 |
||